Pesca a la mosca / (Record no. 38358)

MARC details
000 -LEADER
campo de control de longitud fija 00643nam a2200193 i 4500
001 - NÚMERO DE CONTROL
campo de control 38358
003 - IDENTIFICADOR DE NÚMERO DE CONTROL
campo de control ES-MaACL
005 - FECHA Y HORA DE LA ÚLTIMA TRANSACCIÓN
campo de control 20230906155737.0
008 - DATOS DE LONGITUD FIJA--INFORMACIÓN GENERAL
campo de control de longitud fija 030225s1970 sp a |||| | spa d
100 1# - ENTRADA PRINCIPAL--NOMBRE DE PERSONA
Nombre de persona Burnand, Anthony.
9 (RLIN) 32727
245 10 - MENCIÓN DEL TÍTULO
Título Pesca a la mosca /
Mención de responsabilidad, etc. por Tony Burnand y Pierre Barbellion ; ilustraciones de P. Desson ; versión J. Maestre Ceriola.
260 ## - PUBLICACIÓN, DISTRIBUCIÓN, ETC.
Lugar de publicación, distribución, etc. Barcelona :
Nombre del editor, distribuidor, etc. Editorial Hispano Europea,
Fecha de publicación, distribución, etc. 1970.
300 ## - DESCRIPCIÓN FÍSICA
Extensión 295 p. :
Otras características físicas il. ;
Dimensiones 21 cm.
650 #4 - PUNTO DE ACCESO ADICIONAL DE MATERIA--TÉRMINO DE MATERIA
Término de materia o nombre geográfico como elemento de entrada Pesca.
9 (RLIN) 136688
700 1# - ENTRADA AGREGADA--NOMBRE PERSONAL
Nombre de persona Barbellion, Pierre.
9 (RLIN) 25403
700 1# - ENTRADA AGREGADA--NOMBRE PERSONAL
Nombre de persona Desson, P.
9 (RLIN) 43946
700 1# - ENTRADA AGREGADA--NOMBRE PERSONAL
Nombre de persona Maestre Ceriola, J.
9 (RLIN) 75396
852 ## - LOCALIZACIÓN
Ubicación ES-MaACL
Número de control de estantería C-44259
Holdings
Estatus retirado Estado de pérdida Estado de daño No para préstamo Biblioteca de origen Biblioteca actual Ubicación en estantería Fecha de adquisición Fuente de adquisición Total de préstamos Signatura topográfica completa Código de barras Visto por última vez Precio de reemplazo Tipo de ítem Koha
        Biblioteca del Ateneo de Madrid Biblioteca del Ateneo de Madrid Depósito 2 17/01/2008     C-44259 1040385 23/02/2023 23/02/2023 Libro impreso